000
00258nam a22001217a 4500
008
170623b xxu||||| |||| 00| 0 eng d
041
_a
eng
080
_a
94
100
_a
16
101
_a
SHH
245
_a
CZECHOSLOVAKIA 1968
_c
WINDSOR,PH
942
_2
udc
_c
BK
999
_c
18993
_d
18993